000 01540cam a2200385 a 4500
001 16150934
003 OSt
005 20150408113955.0
008 111208s2009 enka b 001 0 eng
010 _a
016 7 _a015361002
_2Uk
020 _a9780199566099 (acidfree paper)
020 _a0199566097
040 _aUKM
_cMU
042 _aukblcatcopy
_alccopycat
082 0 4 _a823.8 F H Q
_222
100 1 _aFurneaux, Holly.
_97436
245 1 0 _aQueer Dickens :
_berotics, families, masculinities /
_cHolly Furneaux.
260 _aOxford ;
_aNew York :
_bOxford University Press,
_c2009.
300 _a282 p. :
_bill. ;
_c23 cm.
504 _aIncludes bibliographical references (p. [254]-274) and index.
600 1 0 _aDickens, Charles,
_d1812-1870
_xCriticism and interpretation.
_97437
600 1 0 _aDickens, Charles,
_d1812-1870
_xCharacters
_xMen.
_97438
650 0 _aMen in literature.
_97439
650 0 _aHomosexuality in literature.
_97440
650 0 _aEroticism in literature.
_97441
650 0 _aSex role in literature.
_97442
650 0 _aGender identity in literature.
_97443
650 0 _aMasculinity in literature.
_97444
856 4 2 _3Publisher description
_uhttp://www.loc.gov/catdir/enhancements/fy1009/2010277867-d.html
856 4 2 _3Contributor biographical information
_uhttp://www.loc.gov/catdir/enhancements/fy1009/2010277867-b.html
906 _a7
_bcbc
_ccopycat
_d2
_encip
_f20
_gy-gencatlg
942 _2ddc
_cDVD
999 _c19462
_d253962